Un mundo feliz

Kaydedildi:
Detaylı Bibliyografya
Yazar: Huxley, Aldous Leonard (Yazar)
Materyal Türü: Kitap
Dil:İspanyolca
Baskı/Yayın Bilgisi: Barcelona Plaza and Janes 1976
Konular:
Etiketler: Etiketle
Etiket eklenmemiş, İlk siz ekleyin!

MARC

LEADER 00000nam a2200000 a 4500
001 UCW4524
003 CL-VaPUC
008 900516e19760000SP |||||||||||||||||spa|d
082 0 4 |a 823  |b HUX  |2 21 
100 |a Huxley, Aldous Leonard  |e author  |9 553641 
245 1 3 |a Un mundo feliz 
300 |a 202 p 
942 |c BK 
945 |d 19900516 00:00:00 
260 |a Barcelona  |b Plaza and Janes  |c 1976 
650 0 |a Novelas inglesas  |9 265220 
583 |a last modification  |c 20120618 12:08:39  |k Rodrigo Vera 
999 |c 218247  |d 218245 
952 |0 0  |1 0  |4 0  |6 823_000000000000000_HUX_1976  |7 0  |8 A  |9 207420  |a BIBEDU  |b BIBEDU  |d 2019-11-15  |i 2751895  |l 2  |m 1  |o 823 HUX 1976  |p 2751895  |r 2024-09-05  |s 2024-08-29  |w 2019-11-15  |y BK  |k EDU 
952 |0 0  |1 0  |4 0  |6 823_000000000000000_HUX_1976  |7 0  |8 A  |9 207421  |a BIBEDU  |b BIBEDU  |d 2019-11-15  |i 3261093  |o 823 HUX 1976  |p 3261093  |r 2019-11-15  |w 2019-11-15  |y BK  |k LIT